00521nam a2200193 a 4500001001300000003000900013005001700022008004100039020002300080082001600103100001400119245004100133260004200174300001000216500003500226505003400261650001800295700001400313nice12345678IN_TiNIC20260116013309.0050524s1998 dela grp 000 0 eng  a8173059 c65000a297.09bENA aEnan, M A aHistory of Islamb Decisive Moments. aDelhibAryan Book Internationalc1998 a323p. aincludes index and biblioraphy2 amasterpice library of islam-4 aIslam-History1 aEnan, M A